00377nam a2200121Ia 4500008004100000245011600041260001700157260000900174300000800183650002300191650001200214856002900226170516s9999 xx 000 0 und d aROS-Responsive Activatable Photosensitizing Agent for Imaging and Photodynamic Therapy of Activated Macrophages bTheranostics c2014 a4:1 xMedical Technology xMedtech uhttp://www.thno.org/v4i1